00366nam a2200109Ia 4500008004100000082000800041100001600049245007300065942000600138952009700144999001500241240331s9999 xx 000 0 und d bKUR aKurien, C.T 0aDynamics of rural transformation :ba study of Tamil Nadu 1950-19810 cL 001040708LaWERCLbWERCLcSSCd2024-03-31l0o 333.09 KURp598r2024-03-31w2024-03-31yL c2734d2734